Manual de endodoncia (Record no. 38838)

MARC details
000 -LEADER
fixed length control field 00863nam a22002417a 4500
005 - DATE AND TIME OF LATEST TRANSACTION
control field 20251021131802.0
008 - FIXED-LENGTH DATA ELEMENTS--GENERAL INFORMATION
fixed length control field 130702t mx |||| |||| 00| 0 spa d
020 ## - INTERNATIONAL STANDARD BOOK NUMBER
International Standard Book Number 9687022183
050 04 - LIBRARY OF CONGRESS CALL NUMBER
Classification number RK351
Item number P74 1996
100 1# - MAIN ENTRY--PERSONAL NAME
Personal name Preciado Zacarias, V.
Fuller form of name Preciado Zacarias, Vicente
245 10 - TITLE STATEMENT
Title Manual de endodoncia
Remainder of title : guía clínica
Statement of responsibility, etc / V. Preciado Zacarias ; colaboradores Fernando Goldberg,...[et al.]
250 ## - EDITION STATEMENT
Edition statement 5a ed.
260 ## - PUBLICATION, DISTRIBUTION, ETC. (IMPRINT)
Place of publication, distribution, etc México :
Name of publisher, distributor, etc Ediciones Cuellar,
Date of publication, distribution, etc 1996.
300 ## - PHYSICAL DESCRIPTION
Extent 260 p. :
Other physical details il. ;
Dimensions 22 cm.
504 ## - BIBLIOGRAPHY, ETC. NOTE
Bibliography, etc Incluye bibliografía.
650 #7 - SUBJECT ADDED ENTRY--TOPICAL TERM
Source of heading or term lemb
Topical term or geographic name as entry element Pulpa dental
General subdivision Enfermedades
Form subdivision Manuales
700 1# - ADDED ENTRY--PERSONAL NAME
Personal name Goldberg, Fernando,
Relator term colaborador
700 1# - ADDED ENTRY--PERSONAL NAME
Personal name Lasala, Ángel,
Relator term colaborador
700 1# - ADDED ENTRY--PERSONAL NAME
Personal name Pineda, Franklin,
Relator term colaborador
700 1# - ADDED ENTRY--PERSONAL NAME
Personal name Holland, Roberto,
Relator term colaborador
700 1# - ADDED ENTRY--PERSONAL NAME
Personal name Souza, Valdir de,
Relator term colaborador
942 ## - ADDED ENTRY ELEMENTS (KOHA)
Source of classification or shelving scheme Biblioteca del Cogreso de los Estados Unidos
Koha item type Libro
Holdings
Estado de pérdida Fuente de clasificación Estado del daño No para préstamo Ubicación permanente Ubicación actual Apartado o colección Fecha de adquisición Edición Dependencia de educación superior (DES) Área del conocimiento Total Checkouts Clasificación Código de Barras Date last seen Date checked out Número de copia Tipo de recurso Costo por reposición Nota pública
  Biblioteca del Cogreso de los Estados Unidos     Biblioteca de la Facultad de Odontología Biblioteca de la Facultad de Odontología General 02/07/2013 5a. ed. Ciencias de la Salud Ciencias de la Salud 6 RK351 P74 c1996 BFO000002850 10/09/2024 10/09/2024 1 Libro    
  Biblioteca del Cogreso de los Estados Unidos     Biblioteca de la Facultad de Odontología Biblioteca de la Facultad de Odontología General 06/07/2016 5a ed. Ciencias de la Salud Ciencias de la Salud 1 RK351 P74 1996 BFO000002509 06/03/2024 06/03/2024 2 Libro 1.00  
  Biblioteca del Cogreso de los Estados Unidos     Biblioteca de la Facultad de Odontología Biblioteca de la Facultad de Odontología General 06/07/2016 5a ed. Ciencias de la Salud Ciencias de la Salud 2 RK351 P74 1996 BFO000001515 26/09/2025 26/09/2025 3 Libro 1.00  
  Biblioteca del Cogreso de los Estados Unidos     Biblioteca de la Facultad de Odontología Biblioteca de la Facultad de Odontología Consulta 17/08/2016 5a ed. Ciencias de la Salud Ciencias de la Salud   RK351 P74 1996 BFO000003235 17/08/2016   5 Libro 1.00 Codigo anterior BAO000000385
  Biblioteca del Cogreso de los Estados Unidos     Biblioteca de la Facultad de Odontología Biblioteca de la Facultad de Odontología Consulta 17/08/2016 5a. ed. Ciencias de la Salud Ciencias de la Salud   RK351 P74 1996 BFO000003236 17/08/2016   6 Libro 1.00 Codigo anterior BAO000000394
  Biblioteca del Cogreso de los Estados Unidos     Biblioteca de la Facultad de Odontología Biblioteca de la Facultad de Odontología General 15/06/2017 5a. ed. Ciencias de la Salud Ciencias de la Salud   RK351 P74 1996 BFO000002849 15/06/2017   C:4 Libro